000 00755nam a2200253Ia 4500
003 OSt
005 20220928112709.0
006 a|||||r|||| 00| 0
007 ta
008 220927b |||||||| |||| 00| 0 hin d
020 _cINR 1000.00
024 _a140516
037 _b039, 18/02/2019, Rupa Prkashan
_cTextual
040 _aSDCL
_cSDCL
_bhin
041 _2hin
_ahin
082 _aO152v, Q8
100 _aMehta Shailesh K.
_9405065
245 0 _aHindi sahitya
_b Itihas lekhan aur aadikalin hindi sahitya
260 _aNew Delhi
_bHind prakashan
_c2018
300 _av,248p.
_ccm.
650 _aHindi
_9391598
942 _hO152v, Q8
_cTEXL
_2CC
999 _c745837
_d745837